| 000 | 00516cam a22001337a 4500 | ||
|---|---|---|---|
| 008 | 180718b2008 xxu||||| |||| 00| 0 eng d | ||
| 082 | _aAPPPA 2007-08/SAN | ||
| 100 | _aSandhu, G.S. | ||
| 245 |
_aSecurity environment in India with special reference to Jammu and Kashmir _cby G.S. Sandhu |
||
| 260 |
_aNew Delhi _bIndian Institute of Public Administration _c2008 |
||
| 300 | _a91p. | ||
| 500 | _aAn APPPA M.Phil dissertation, 2007-08 (Guide: S.S. Singh) | ||
| 650 | _aPolitics and government - India - Jammu and Kashmir | ||
| 999 |
_c493590 _d493590 |
||